Statistics for Same Start and End Letter - Geography #2

Click here to take the quiz!

General Stats

  • This quiz has been taken 9,355 times
  • The average score is 12 of 20

Answer Stats

LetterHintAnswer% Correct
WCapital of PolandWarsaw
95%
OCleveland's stateOhio
94%
DSalty sea of Israel and JordanDead
93%
OCity near Disney WorldOrlando
92%
EOne of the Great LakesErie
86%
AContains 30% of the world's land massAsia
83%
RPo, Ob, or Zambezi, e.g.River
77%
CFrench town and type of brandyCognac
68%
APlace to find the Taj MahalAgra
65%
NFamily name of 40% of
Vietnamese people
Nguyen
64%
RPopulous river basin of GermanyRuhr
60%
AOne of the Prairie ProvincesAlberta
59%
TCapital of UzbekistanTashkent
54%
ERiver of Germany and BohemiaElbe
52%
FBiggest city in Northern ArizonaFlagstaff
47%
KOne hundredth of a rubleKopek
27%
MGerman city at the confluence of
the Rhine and Neckar
Mannheim
26%
GChina's most populous provinceGuangdong
25%
SCity in Brazil where Pelé playedSantos
24%
UThe summit of Kilimanjaro:
_____ Peak
Uhuru
10%

Score Distribution

Percentile by Number Answered

Percent of People with Each Score

Your Score History

You have not taken this quiz